000 00426nam a2200145Ia 4500
008 220326s9999||||xx |||||||||||||| ||und||
020 _a979-3695-23-4
084 _a10253 WID Gov Bo.2a
100 _aJoko Widodo
245 0 _aMembangun Birokrasi Berbasis Kinerja
260 _aMalang
_bBayu Media
_c2005
300 _axii + 196 halaman
650 _aGovernment (Pemerintahan)
_eG-O-V
_yBirokrasi Berbasis Kinerja
942 _cBK
999 _c12993
_d12993